000 00446nam a2200181Ia 4500
003 GCL
008 140319s9999 xx 000 0 eng d
040 _aGCL /
_cGCL
082 0 4 _aCH
_b599
_bM M
100 1 _aNAYER, JUDY
245 1 0 _aMAMMALS AT YOUR FINGERTIPS /
_cNAYER, JUDY
260 _a[S.N] :
_bMC CLANAHAN BOOK COMPANY ،
_c1992
650 0 4 _aSCIENCE
650 0 4 _aMAMMALS
650 0 4 _aANIMALS
650 0 4 _aBATS
942 _2ddc
_cBK
999 _c14763
_d14763